Normal view
MARC view
Entry Personal Name
001 - CONTROL NUMBER
- control field: 31143
003 - CONTROL NUMBER IDENTIFIER
- control field: OSt
005 - DATE AND TIME OF LATEST TRANSACTION
- control field: 20251117132938.0
008 - FIXED-LENGTH DATA ELEMENTS
- fixed length control field: 251117|| aca||aabn | a|a d
040 ## - CATALOGING SOURCE
- Original cataloging agency: OSt
- Transcribing agency: OSt
100 ## - HEADING--PERSONAL NAME
- Personal name: Yambao, Samantha.
670 ## - SOURCE DATA FOUND
- Source citation: Work cat.: (OSt): Yambao, Samantha. , Water moon : a novel / , 2025.